| 000 | 00886cam a22002654a 4500 | ||
|---|---|---|---|
| 003 | OSt | ||
| 005 | 20140310182434.0 | ||
| 008 | 090612s2010 enk b 001 0 eng | ||
| 020 | _a9781405176989 (pbk. : alk. paper) | ||
| 020 | _a1405176989 (pbk. : alk. paper) | ||
| 050 | 0 | 4 |
_aRG 950 _b.Es87 2010 |
| 245 | 0 | 0 |
_aEssential midwifery practice : _bintrapartum care / _cedited by Denis Walsh, Soo Downe. |
| 246 | 3 | 0 | _aIntrapartum care |
| 260 |
_aChichester, West Sussex, U.K. ; _aAmes, Iowa : _bWiley-Blackwell, _c2010. |
||
| 300 |
_axiii, 306 p. ; _c25 cm. |
||
| 490 | 0 | _aEssential midwifery practice | |
| 650 | 0 |
_aMidwifery. _97594 |
|
| 650 | 1 | 2 |
_aDelivery, Obstetric _xmethods. _98310 |
| 650 | 2 | 2 |
_aLabor, Obstetric. _98112 |
| 650 | 2 | 2 |
_aMidwifery _xmethods. _98311 |
| 700 | 1 |
_aWalsh, Denis, _d1955- _98312 |
|
| 700 | 1 |
_aDowne, Soo. _98313 |
|
| 942 |
_2lcc _cSSLC |
||
| 999 |
_c13409 _d13409 |
||